000 01225 a2200217 4500
005 20080912125149.0
008 080912t xxu||||| |||| 00| 0 hin d
010 _aHIN-80750
020 _c325.00
_a8189327186
035 _aHN-53096
037 _bD.B.Act / pub
082 _a820.8
100 _aसिन्हा, उमेश नन्दन
245 _aराजा शिवप्रसाद'सितारैहिन्द' का हिन्दी गद्य के विकास में अवदान
_cउमेश नन्दन सिन्हा
246 _aRaja Shivprasad Sitaraihind ka Hindi Gadh ke Vikash me Avdan
_bby Umesh Naadan Sinha
260 _aपटना
_bविशाल पब्लिकेशंन
_c2004
270 _aकैलाश मार्केट, दरियापुर,पटना
_bपटना
_e800004
300 _axiii,262पृ
_c22 सेमी (सजिल्द)
942 _adpl
_cHN
_k820.8 / सिन्हा
_2ddc
_h820.8
_mसिन्हा
999 _c7003
_d7003